| 000 | 00564nam a22001937a 4500 | ||
|---|---|---|---|
| 999 |
_c174049 _d174049 |
||
| 005 | 20200316143334.0 | ||
| 010 | _aB-24537 | ||
| 020 |
_c40.00 _a- |
||
| 035 | _aB-24537 | ||
| 037 |
_bBPPD/PUB _a- |
||
| 082 | _a910.4 | ||
| 100 | _aپبليشر | ||
| 245 |
_aسفر نا مے _cپبليشر |
||
| 246 |
_bSafar Name(Urdu) _aby Publisher |
||
| 260 |
_aPatna _bKhuda Bakhsh Oriental Pub. Lib. _c1999 ء |
||
| 270 |
_aKhuda Bakhsh Oriental Public Library, _bPatna _e- _k- _l- |
||
| 300 |
_a112 ص _c22 Cm(Hb) |
||
| 942 |
_2ddc _cUR _h910.4 _mس ف ر |
||